Espèces de dinosaures par leur rôle dans Jurassic Park I - Statistiques

Statistiques générales
  • Ce quiz a été pris 735 fois
  • Le résultat moyen est 4 sur 6
Statistiques - réponses
Hint Réponse % Correct
Celui qui est malade Triceratops
95%
Ceux qui essaient de faire de la cuisine Velociraptor
95%
Celui qui mange des feuilles là où Grant et les enfants dorment Brachiosaure
84%
Celui qui mange le traître Dilophosaure
70%
Ceux qui manquent de courir sur les héros Gallimimus
55%
Celui qui mange le mec dans les toilettes Tyrannosaurus Rex
51%
Aucun quiz correspondant
Distribution des résultats
% des personnes avec chaque résultat
Percentile par nombre de réponses
Votre historique - résultats
Vous n’avez pas pris ce quiz